000 00773cab a2200253 4500
001 WB2834-24
008 090401t1992 xxu||||| |||| 00| 0 eng d
035 _a(Sirsi) u466
041 _aeng
245 _aCollapsing mines endanger homes
260 _c1992
350 _a0
490 _aIndependent
_v3 September 1992, 6
490 _aWestern Morning News
_v2 September 1992, 4
490 _aTimes
_v5 September 1992, 6(4)
520 _aFive mineshaft collapses in Cornwall this summer have prompted fears of widespread subsidence, particularly after the heavy rains of August.
650 _aCORNWALL
650 _aDISUSED MINESHAFTS
650 _aMINING SUBSIDENCE
650 _aTIN MINES
690 _aMINING AND MINERALS
942 _n0
948 _c04/03/1997
999 _c200
_d200